Organisational climate, teacher morale and school quality (Record no. 17614)

MARC details
000 -LEADER
fixed length control field 00512nam a2200181Ia 4500
082 ## - DEWEY DECIMAL CLASSIFICATION NUMBER
Classification number TP.0210
100 ## - MAIN ENTRY--AUTHOR NAME
Personal name Pillai, Kothai
245 #0 - TITLE STATEMENT
Title Organisational climate, teacher morale and school quality
260 ## - PUBLICATION, DISTRIBUTION, ETC. (IMPRINT)
Year of publication 1973
Name of publisher University of Baroda
300 ## - PHYSICAL DESCRIPTION
Number of Pages 324p. + C D - 47
650 ## - SUBJECT ADDED ENTRY--TOPICAL TERM
Topical Term MORALE///TEACHER MORALE
650 ## - SUBJECT ADDED ENTRY--TOPICAL TERM
Topical Term TEACHER MORALE
650 ## - SUBJECT ADDED ENTRY--TOPICAL TERM
Topical Term SCHOOL MANAGEMENT AND ORGANIZATION
650 ## - SUBJECT ADDED ENTRY--TOPICAL TERM
Topical Term SCHOOLS
650 ## - SUBJECT ADDED ENTRY--TOPICAL TERM
Topical Term TEACHING SATISFACTION///TEACHER MORALE
710 ## - ADDED ENTRY--CORPORATE NAME
Corporate name or jurisdiction name as entry element Buch, M.B.
942 ## - ADDED ENTRY ELEMENTS (KOHA)
Koha item type Thesis
Source of classification or shelving scheme Dewey Decimal Classification
Holdings
Withdrawn status Lost status Damaged status Not for loan Home library Current library Date acquired Full call number Accession Number Price effective from Koha item type
        NASSDOC Library NASSDOC Library 08/10/2004 TP.0210 10908 18/04/2019 Thesis